000 00697nam a22002051a 4500
020 _c0.00
040 _aNEGST Library - Kenya
050 _aBS 325.K395 1968
100 _aBible Society of Kenya
245 _aArorutiet ne leel ne bo : kiptaiyandenny
_h[Text]
260 _aNairobi
_bThe Bible Society of ken
_cc1968
300 _a579 p.;
500 _a"The New Testament in Kalenjin" - T.P. verso. [Africana]
600 _aBible N.T. - Kalenjin, 1968
600 _aKalenjin language - Texts
852 _927.00
852 _910.00
999 _c42941
_d42917